000 00515nam a2200169 i 4500
001 27897
003 ES-MaACL
005 20230906153727.0
007 t|
008 030115s1973 sp ||||1| cat d
100 1 _aBalbastre y Ferrer, José.
_924842
245 1 0 _aRecull de modismos i frases fetes
_b: . Catalá-castellá. Castellá-catalá /
_cJosep Balbastre i Ferrer.
250 _a1ª ed.
260 _a[Barcelona :
_bPáortic,
_c1973]
300 _a254 p. ;
_c18 cm.
852 _aES-MaACL
_jC-54426
_bR.87210
999 _c27897
_d27897